Les pires équipes nationales de football - Statistiques

Statistiques générales
  • Ce quiz a été pris 139 fois
  • Le résultat moyen est 5 sur 20
Statistiques - réponses
# Équipe Nationale Points % Correct
1 Saint-Marin 739.64
89%
12 Liechtenstein 835.83
64%
13 Gibraltar 836.14
63%
19 Samoa 876.45
36%
11 Tonga 833.12
36%
10 Seychelles 831.19
27%
20 Sao Tomé-et-Principe 878.09
25%
15 Timor Oriental 843.4
22%
18 Djibouti 875.13
21%
6 Sri Lanka 820.32
19%
9 Somalie 829.81
17%
14 Pakistan 842.59
15%
8 Bahamas 823.58
11%
7 Guam 821.91
7%
2 Anguilla 779.86
5%
17 Aruba 873.9
5%
16 Cayman Islands 855.43
1%
4 British Virgin Islands 801.29
0%
5 Turks and Caicos 817.03
0%
3 U.S. Virgin Islands 797.29
0%
Aucun quiz correspondant
Distribution des résultats
% des personnes avec chaque résultat
Percentile par nombre de réponses
Votre historique - résultats
Vous n’avez pas pris ce quiz